[Event "Interstate Bank Weekend Open"]
[Site "Portland, Ore."]
[Date "1987.??.??"]
[Round "2"]
[White "Moody, David"]
[Black "Marchand, Erich"]
[Result "0-1"]
[WhiteElo "2009"]
[BlackElo "2312"]
[PlyCount "66"]
[EventDate "1987.08.08"]

1. e4 e6 2. d4 c5 3. d5 exd5 4. exd5 d6 5. Nf3 Nf6 6. Be2 Be7 7. Nc3 O-O 8. O-O
h6 9. Bf4 Bf5 10. Nd2 a6 11. a4 b6 12. Nc4 Qc7 13. Bd3 Bxd3 14. Qxd3 Rd8 15.
Rfe1 Bf8 16. Qf5 Qd7 17. Qxd7 Nbxd7 18. Bxd6 b5 19. axb5 axb5 20. Nxb5 Nxd5 21.
Rad1 N7b6 22. Bxf8 Nxc4 23. b3 Kxf8 24. bxc4 Nb6 25. Kf1 Nxc4 26. Rxd8+ Rxd8
27. Nc7 Na3 28. Na6 Rc8 29. Re3 Nxc2 30. Rc3 Nd4 31. Rxc5 Ra8 32. Rd5 Ne6 33.
Nc5 Ra1+ 0-1

[Event "Something Fishy"]
[Site "Rochester, Mich."]
[Date "1987.01.17"]
[Round "1"]
[White "Swartz, Jacob"]
[Black "Moody, David"]
[Result "0-1"]
[WhiteElo "1478"]
[BlackElo "1985"]
[PlyCount "36"]
[EventDate "1987.01.17"]

1. e4 e5 2. Nf3 Nc6 3. d4 exd4 4. Nxd4 Nf6 5. Nc3 Bb4 6. Nxc6 bxc6 7. Bd2 O-O
8. Bd3 Re8 9. Qf3 d5 10. Qf4 dxe4 11. Nxe4 Bxd2+ 12. Qxd2 Nxe4 13. Qb4 Ng3+ 14.
Kd1 Nxh1 15. Kd2 Nxf2 16. Kc3 Nxd3 17. cxd3 Ba6 18. Rd1 Re3 0-1

[Event "Something Fishy"]
[Site "Rochester, Mich."]
[Date "1987.01.17"]
[Round "4"]
[White "Moody, David"]
[Black "Nixon, Peter"]
[Result "1-0"]
[WhiteElo "1985"]
[BlackElo "1662"]
[PlyCount "45"]
[EventDate "1987.01.17"]

1. e4 c5 2. Nc3 Nc6 3. f4 d6 4. Nf3 a6 5. Bc4 e6 6. d3 b5 7. Bb3 Be7 8. O-O Nf6
9. h3 Qb6 10. Be3 Nd4 11. Bxd4 cxd4 12. Ne2 O-O 13. Kh1 Nd7 14. Nexd4 e5 15.
Nf5 Bd8 16. Ng5 exf4 17. Nxh7 Kxh7 18. Qh5+ Kg8 19. Qg6 Bf6 20. Nh6+ Kh8 21.
Nxf7+ Rxf7 22. Qh5+ Kg8 23. Qxf7+ 1-0

[Event "Something Fishy"]
[Site "Rochester, Mich."]
[Date "1987.01.17"]
[Round "2"]
[White "Moody, David"]
[Black "Mellen, Steve"]
[Result "1/2-1/2"]
[WhiteElo "1985"]
[BlackElo "1823"]
[PlyCount "50"]
[EventDate "1987.01.17"]

1. e4 Nf6 2. Nc3 d5 3. e5 Ne4 4. Nce2 e6 5. d4 c5 6. f3 Qa5+ 7. c3 Nxc3 8. Nxc3
cxd4 9. Qxd4 Nc6 10. Bb5 Bb4 11. Bxc6+ bxc6 12. Bd2 c5 13. Qf2 Rb8 14. Nh3 Ba6
15. Nf4 O-O 16. Nh5 d4 17. Ne4 Bxd2+ 18. Qxd2 Qxd2+ 19. Nxd2 Rxb2 20. Ng3 c4
21. Nge4 c3 22. Nb3 Re2+ 23. Kd1 c2+ 24. Kc1 d3 25. Nbc5 Bb5 1/2-1/2

[Event "Something Fishy"]
[Site "Rochester, Mich."]
[Date "1987.01.17"]
[Round "3"]
[White "Bauerle, Paul"]
[Black "Moody, David"]
[Result "1/2-1/2"]
[WhiteElo "1991"]
[BlackElo "1985"]
[PlyCount "85"]
[EventDate "1987.01.17"]

1. d4 Nf6 2. c4 c5 3. d5 e6 4. Nc3 exd5 5. cxd5 d6 6. e4 g6 7. Be2 Bg7 8. h3
O-O 9. Nf3 Re8 10. Qc2 Na6 11. a3 Nc7 12. Bf4 b5 13. Nd2 Rb8 14. Be3 a5 15. O-O
b4 16. axb4 axb4 17. Nd1 Bd7 18. f3 Nh5 19. f4 Ng3 20. Rf2 Qh4 21. Nf3 Qe7 22.
Ra7 Nxe2+ 23. Rxe2 Nb5 24. Ra6 Qxe4 25. Qxe4 Rxe4 26. Nd2 Ree8 27. Kf2 Nd4 28.
Re1 Nc2 29. Rh1 Nxe3 30. Nxe3 Bxb2 31. Rxd6 Bd4 32. Re1 Re7 33. Nb3 Ba4 34.
Nxd4 cxd4 35. Nc4 Rc7 36. Rb6 Rbc8 37. Nd6 Rc2+ 38. Kf1 R8c5 39. Rxb4 Rxd5 40.
Rxa4 Rxd6 41. Rd1 d3 42. Ra3 d2 43. Ke2 1/2-1/2

[Event "Trenton Quads (January)"]
[Site "Trenton, Mich."]
[Date "1987.01.18"]
[Round "2"]
[White "Moody, David"]
[Black "Clark, Karl"]
[Result "1-0"]
[WhiteElo "1985"]
[BlackElo "1961"]
[PlyCount "56"]
[EventDate "1987.01.18"]

1. Nf3 d5 2. c4 c6 3. b3 Nf6 4. Bb2 Bf5 5. g3 e6 6. Bg2 Nbd7 7. O-O Bd6 8. d3
O-O 9. Nbd2 Qe7 10. Qc2 e5 11. e4 Bg6 12. Rae1 dxe4 13. dxe4 Rad8 14. Nh4 Bb4
15. Nxg6 hxg6 16. Rd1 Ne8 17. f4 exf4 18. gxf4 Nef6 19. Kh1 Ng4 20. Rf3 Qh4 21.
Nf1 Ndf6 22. Bd4 Nh5 23. Rh3 Qe7 24. Bf3 Qd7 25. Bb6 Nf2+ 26. Qxf2 Qxh3 27.
Bxd8 Bc5 28. Qg2 Qh4 1-0

[Event "Trenton Quads (January)"]
[Site "Trenton, Mich."]
[Date "1987.01.18"]
[Round "1"]
[White "Moody, David"]
[Black "Bolda, Matt"]
[Result "1-0"]
[WhiteElo "1985"]
[BlackElo "1836"]
[PlyCount "57"]
[EventDate "1987.01.18"]

1. e4 d5 2. Nc3 dxe4 3. Nxe4 Bf5 4. Ng3 Bg6 5. Nf3 e6 6. d4 Nf6 7. Bd3 Bd6 8.
Bg5 Nbd7 9. Bxg6 hxg6 10. Qe2 Be7 11. O-O-O Nd5 12. Bxe7 Qxe7 13. Qd2 a5 14. c4
N5b6 15. Qd3 Ra6 16. Rhe1 Nxc4 17. d5 Qc5 18. Ne4 Qb4 19. Qd4 e5 20. Nxe5 Ndxe5
21. Nc5 Rd6 22. Nd3 Qb5 23. Nxe5 Nxe5 24. Qxe5+ Kf8 25. Qe7+ Kg8 26. Qxc7 Rxd5
27. Rxd5 Qxd5 28. Re5 Qxg2 29. Qd8+ 1-0

[Event "Trenton Quads (January)"]
[Site "Trenton, Mich."]
[Date "1987.01.18"]
[Round "3"]
[White "Braak, Dairen"]
[Black "Moody, David"]
[Result "0-1"]
[WhiteElo "1889"]
[BlackElo "1985"]
[PlyCount "48"]
[EventDate "1987.01.18"]

1. e4 e5 2. Nf3 Nc6 3. Bb5 a6 4. Ba4 Nf6 5. O-O Be7 6. Re1 b5 7. Bb3 O-O 8. c3
d5 9. exd5 Nxd5 10. Nxe5 Nxe5 11. Rxe5 c6 12. d4 Bd6 13. Re1 Qh4 14. g3 Qh3 15.
Qf3 Bf5 16. Qg2 Qh5 17. Bxd5 cxd5 18. Qxd5 Rfe8 19. Be3 Rad8 20. Qg2 Be4 21. f3
Bxf3 22. Qf2 Re6 23. Nd2 Bc6 24. Nf1 Qd5 0-1

[Event "East Detroit Marathon"]
[Site "East Detroit, Mich."]
[Date "1987.01.24"]
[Round "2"]
[White "Moody, David"]
[Black "Steen, Harold"]
[Result "1-0"]
[WhiteElo "1985"]
[BlackElo "1649"]
[PlyCount "65"]
[EventDate "1987.01.24"]

1. e4 d6 2. Nf3 g6 3. d4 Bg7 4. Bc4 Nf6 5. Nc3 O-O 6. Bg5 Bg4 7. h3 Bxf3 8.
Qxf3 Nbd7 9. O-O-O c6 10. e5 dxe5 11. dxe5 Qa5 12. Bxf6 Nxf6 13. exf6 Bxf6 14.
h4 b5 15. Bb3 c5 16. Bd5 Rab8 17. h5 g5 18. Qf5 h6 19. Be4 Rfe8 20. Qh7+ Kf8
21. Qxh6+ Bg7 22. Qxg5 Bxc3 23. bxc3 Qa3+ 24. Kb1 Qxc3 25. Qh6+ Qg7 26. Qxg7+
Kxg7 27. h6+ Kh8 28. Rd5 c4 29. Rg5 e6 30. g4 f6 31. Rg7 a5 32. Rd1 Rg8 33.
Rh7# 1-0

[Event "East Detroit Marathon"]
[Site "East Detroit, Mich."]
[Date "1987.01.24"]
[Round "3"]
[White "Burwell, Raymond"]
[Black "Moody, David"]
[Result "0-1"]
[WhiteElo "1680"]
[BlackElo "1985"]
[PlyCount "76"]
[EventDate "1987.01.24"]

1. e4 e5 2. Nf3 Nc6 3. Bb5 a6 4. Ba4 Nf6 5. O-O Be7 6. Re1 b5 7. Bb3 O-O 8. c3
d5 9. exd5 Nxd5 10. Nxe5 Nxe5 11. Rxe5 c6 12. Bxd5 cxd5 13. d4 Bd6 14. Re1 Qh4
15. f4 Bxf4 16. Bxf4 Qxf4 17. Nd2 Bg4 18. Qc2 Rae8 19. Nf1 b4 20. Qf2 Qxf2+ 21.
Kxf2 bxc3 22. bxc3 Rc8 23. Rac1 Rc7 24. Ne3 Be6 25. Ke2 f5 26. g3 g5 27. Kd3 f4
28. gxf4 gxf4 29. Rg1+ Kf7 30. Rcf1 Ke8 31. Ng4 Bf5+ 32. Kd2 Be4 33. Ne5 Rb7
34. Nd3 f3 35. Ke3 Bxd3 36. Kxd3 Rb2 37. Rb1 f2 38. Rgf1 Rxb1 0-1

[Event "East Detroit Marathon"]
[Site "East Detroit, Mich."]
[Date "1987.01.24"]
[Round "1"]
[White "Bowie, Jerom"]
[Black "Moody, David"]
[Result "0-1"]
[WhiteElo "1398"]
[BlackElo "1985"]
[PlyCount "60"]
[EventDate "1987.01.24"]

1. e4 e5 2. Nf3 Nc6 3. Nc3 Nf6 4. Bc4 Nxe4 5. Nxe4 d5 6. Bxd5 Qxd5 7. Nc3 Qd8
8. h3 Bc5 9. O-O Be6 10. d3 Qd7 11. Ng5 O-O-O 12. Nxe6 Qxe6 13. Ne4 Bb6 14. Ng5
Qg6 15. Nf3 f5 16. Nh4 Qf6 17. Qh5 g6 18. Bg5 Qe6 19. Qe2 Rde8 20. Nf3 f4 21.
a3 h6 22. Bh4 g5 23. Nxg5 hxg5 24. Bxg5 Reg8 25. h4 Nd4 26. Qe4 f3 27. g4 Rxg5
28. Qxd4 Qxg4+ 29. Qxg4+ Rxg4+ 30. Kh2 Rhxh4# 0-1

[Event "East Detroit Marathon"]
[Site "East Detroit, Mich."]
[Date "1987.01.25"]
[Round "6"]
[White "Thompson, Dexter"]
[Black "Moody, David"]
[Result "1/2-1/2"]
[WhiteElo "2148"]
[BlackElo "1985"]
[PlyCount "88"]
[EventDate "1987.01.24"]

1. e4 e5 2. Nf3 Nc6 3. d4 exd4 4. c3 dxc3 5. Nxc3 Bb4 6. Bc4 d6 7. O-O Bxc3 8.
bxc3 Bg4 9. Qb3 Bxf3 10. Bxf7+ Kf8 11. gxf3 Ne5 12. Bxg8 Nxf3+ 13. Kg2 Nh4+ 14.
Kh1 Rxg8 15. Qxb7 Nf3 16. Qd5 Rb8 17. Be3 Qd7 18. Rab1 Rxb1 19. Rxb1 Qh3 20.
Qf5+ Qxf5 21. exf5 Ke7 22. Bxa7 Ra8 23. Rb7 Kd7 24. Bb6 Kc6 25. Ra7 Rxa7 26.
Bxa7 Kb5 27. Kg2 Nh4+ 28. Kg3 Nxf5+ 29. Kf4 g6 30. Ke4 Kc4 31. a4 Kxc3 32. a5
Kb4 33. Bb8 Kxa5 34. Bxc7+ Kb4 35. Kd5 Kc3 36. Bb6 Kd3 37. Ba7 Ke2 38. Ke4 Kf1
39. Kf3 Kg1 40. h3 Kh2 41. Kg4 d5 42. h4 Kg2 43. h5 d4 44. hxg6 hxg6 1/2-1/2

[Event "East Detroit Marathon"]
[Site "East Detroit, Mich."]
[Date "1987.01.25"]
[Round "4"]
[White "Moody, David"]
[Black "Wygrecki, John"]
[Result "0-1"]
[WhiteElo "1985"]
[BlackElo "2258"]
[PlyCount "36"]
[EventDate "1987.01.24"]

1. e4 e6 2. d4 d5 3. Nc3 Nf6 4. Bg5 Bb4 5. e5 h6 6. Be3 Ne4 7. a3 Bxc3+ 8. bxc3
c5 9. Bd3 Nxc3 10. Qg4 O-O 11. h4 c4 12. Bf1 Nc6 13. Rh3 Ne4 14. Ne2 Ne7 15.
Nf4 Qa5+ 16. c3 Qxc3+ 17. Ke2 Qxa1 18. Nh5 Nf5 0-1

[Event "East Detroit Marathon"]
[Site "East Detroit, Mich."]
[Date "1987.01.25"]
[Round "5"]
[White "Mellen, Steve"]
[Black "Moody, David"]
[Result "0-1"]
[WhiteElo "1823"]
[BlackElo "1985"]
[PlyCount "76"]
[EventDate "1987.01.24"]

1. d4 f5 2. c4 Nf6 3. g3 e6 4. Bg2 Bb4+ 5. Bd2 Bxd2+ 6. Nxd2 Nc6 7. e3 O-O 8.
Ne2 d6 9. O-O e5 10. d5 Ne7 11. Rc1 Qe8 12. Re1 Bd7 13. b4 Qf7 14. Qc2 Ng6 15.
Nf3 h6 16. Red1 f4 17. exf4 exf4 18. Ned4 fxg3 19. fxg3 Ng4 20. Re1 Rae8 21.
Qd2 N6e5 22. Nxe5 dxe5 23. Ne6 Bxe6 24. dxe6 Qh5 25. h4 g5 26. Qd1 gxh4 27. Bf3
hxg3 28. Rc2 Rf4 29. Rg2 Qh4 30. Qd7 Rd8 31. e7 Rxd7 32. e8=Q+ Rf8 33. Qxd7 Nf2
34. Qe6+ Kh7 35. Kf1 Rxf3 36. Qd7+ Kh8 37. Rxe5 Nd3+ 38. Ke2 Nxe5 0-1

[Event "Flint February Saturday Quads"]
[Site "Flint, MI"]
[Date "1987.02.07"]
[Round "1"]
[White "Reeder"]
[Black "Aldrich, Jeff"]
[Result "0-1"]
[WhiteElo "1300"]
[BlackElo "1147"]
[PlyCount "106"]
[EventDate "1987.02.??"]

1. e4 e5 2. Bc4 Nc6 3. Nf3 Bc5 4. O-O d6 5. Nc3 Bg4 6. h3 Bh5 7. Bb5 a6 8.
Bxc6+ bxc6 9. g4 Bg6 10. d3 Nf6 11. a3 O-O 12. Bg5 h6 13. Bh4 Re8 14. b4 Bb6
15. a4 d5 16. Re1 d4 17. Nb1 a5 18. b5 c5 19. c3 Rc8 20. c4 c6 21. Na3 Bh7 22.
Bg3 Qd6 23. Qd2 g5 24. bxc6 Rxc6 25. Nb5 Qb8 26. Qd1 Nd7 27. h4 gxh4 28. Bxh4
Nf6 29. Rb1 Nxg4 30. Nh2 Nxh2 31. Kxh2 Rg6 32. Rg1 Ree6 33. Qh5 Kh8 34. Rg3 Qg8
35. Rbg1 Qg7 36. Na3 Bc7 37. Nb5 Bb8 38. R1g2 Rb6 39. Rg4 Rb7 40. Bg3 Rxg4 41.
Kh3 Rg6 42. Kh2 Bc7 43. Qh3 Qg8 44. Nxc7 f6 45. Nb5 Rbg7 46. Nd6 Rg5 47. Kg1 h5
48. Nf5 Bxf5 49. Qxf5 Rxf5 50. exf5 Rg5 51. Bh4 Rxg2+ 52. Kf1 Rg1+ 53. Ke2 Qg4+
{White Resigns} 0-1

[Event "Flint February Saturday Quads"]
[Site "Flint, MI"]
[Date "1987.02.07"]
[Round "2"]
[White "Aldrich, Jeff"]
[Black "McAlpine, Eric"]
[Result "0-1"]
[WhiteElo "1147"]
[BlackElo "1100"]
[PlyCount "78"]
[EventDate "1987.02.??"]

1. e4 g6 2. d4 Bg7 3. Nf3 Nc6 4. Be3 Nf6 5. Nc3 O-O 6. Qd2 Ng4 7. Bf4 d6 8. h3
e5 9. dxe5 Ngxe5 10. Bh6 Nxf3+ 11. gxf3 Ne5 12. Be2 b6 13. h4 Ba6 14. O-O-O
Bxe2 15. Nxe2 Nxf3 16. Qe3 Nxh4 17. Rh3 Re8 18. f3 Nf5 19. Qd2 Qf6 20. c3 Bxh6
21. Rxh6 Nxh6 22. Qxh6 Qxf3 23. Nd4 Qxe4 24. b3 c5 25. Nb5 d5 26. Nd6 Qf3 27.
Nxe8 Rxe8 28. Rh1 Qxc3+ 29. Kd1 Qa1+ 30. Kd2 Qxa2+ 31. Kc3 d4+ 32. Kc4 Qc2+ 33.
Kd5 Qxb3+ 34. Kd6 Qe6+ 35. Kc7 Qc8+ 36. Kd6 Qe6+ 37. Kc7 Re7+ 38. Kb8 Qd6+ 39.
Ka8 Qd8# 0-1

[Event "Southfield Tornado (February)"]
[Site "Southfield, Mich."]
[Date "1987.02.08"]
[Round "2"]
[White "Stefanski, Mark"]
[Black "Moody, David"]
[Result "1-0"]
[WhiteElo "1891"]
[BlackElo "1985"]
[PlyCount "57"]
[EventDate "1987.02.08"]

1. e4 e5 2. Nc3 Nf6 3. f4 d5 4. fxe5 Nxe4 5. d3 Qh4+ 6. g3 Nxg3 7. Nf3 Qh5 8.
Nxd5 Bg4 9. Bg2 Bxf3 10. Qxf3 Qxe5+ 11. Qe3 Qxe3+ 12. Nxe3 Nxh1 13. Bxb7 c6 14.
Bxa8 Bd6 15. Kf1 Bxh2 16. Kg2 Be5 17. Kxh1 Kd7 18. Nc4 Bc7 19. Be3 Bb6 20.
Nxb6+ axb6 21. Rf1 f6 22. Rf4 Na6 23. Bb7 Nc7 24. Rc4 Rb8 25. Bxc6+ Ke6 26. Bf4
Rc8 27. Bxc7 Rxc7 28. Bd5+ Kxd5 29. Rxc7 1-0

[Event "Southfield Tornado (February)"]
[Site "Southfield, Mich."]
[Date "1987.02.08"]
[Round "1"]
[White "Moody, David"]
[Black "LaForge, Thomas"]
[Result "0-1"]
[WhiteElo "1985"]
[BlackElo "1892"]
[PlyCount "44"]
[EventDate "1987.02.08"]

1. e4 c5 2. Nf3 d6 3. d4 cxd4 4. Nxd4 Nf6 5. Nc3 a6 6. g3 g6 7. Bg2 Bg7 8. O-O
O-O 9. Kh1 Bd7 10. Bg5 Nc6 11. Nxc6 Bxc6 12. Nd5 Re8 13. Re1 h6 14. Nxf6+ Bxf6
15. Bxf6 exf6 16. Qd4 Qe7 17. Rad1 Rad8 18. f4 f5 19. e5 dxe5 20. Qe3 Rxd1 21.
Rxd1 Bxg2+ 22. Kxg2 exf4 0-1

[Event "Southfield Tornado (February)"]
[Site "Southfield, Mich."]
[Date "1987.02.08"]
[Round "5"]
[White "Moody, David"]
[Black "Haakonstad, Olaf"]
[Result "1-0"]
[WhiteElo "1985"]
[BlackElo "1860"]
[PlyCount "47"]
[EventDate "1987.02.08"]

1. e4 e5 2. Nf3 Nc6 3. d4 exd4 4. Bc4 Nf6 5. O-O d5 6. e5 Ne4 7. Bb5 Bc5 8.
Nxd4 Bxd4 9. Qxd4 O-O 10. Bxc6 bxc6 11. f3 Ng5 12. Bxg5 Qxg5 13. f4 Qg4 14. Nd2
f6 15. Rae1 fxe5 16. Rxe5 h6 17. Rf3 Bf5 18. Rg3 Qd1+ 19. Kf2 g6 20. Rxf5 g5
21. Rfxg5+ hxg5 22. Rxg5+ Kf7 23. Rg7+ Ke8 24. Qe5+ 1-0

[Event "Southfield Tornado (February)"]
[Site "Southfield, Mich."]
[Date "1987.02.08"]
[Round "3"]
[White "Moody, David"]
[Black "Baudry, Pascal"]
[Result "0-1"]
[WhiteElo "1985"]
[BlackElo "2183"]
[PlyCount "48"]
[EventDate "1987.02.08"]

1. Nf3 Nf6 2. g3 b6 3. Bg2 Bb7 4. O-O g6 5. d3 Bg7 6. e4 d6 7. Nbd2 O-O 8. Re1
Nbd7 9. c3 e5 10. Nc4 Re8 11. b4 d5 12. exd5 Nxd5 13. Qb3 a5 14. Bb2 a4 15. Qc2
f5 16. Rad1 Qf6 17. Ba1 c5 18. Ncxe5 Nxe5 19. Nxe5 Rxe5 20. Bxd5+ Rxd5 21. c4
Rd4 22. Bxd4 Qc6 23. Kf1 Qg2+ 24. Ke2 Bxd4 0-1

[Event "Southfield Tornado (February)"]
[Site "Southfield, Mich."]
[Date "1987.02.08"]
[Round "4"]
[White "Feldstein, Robert"]
[Black "Moody, David"]
[Result "0-1"]
[WhiteElo "1993"]
[BlackElo "1985"]
[PlyCount "68"]
[EventDate "1987.02.08"]

1. Nf3 c5 2. d4 cxd4 3. c3 dxc3 4. Nxc3 Nc6 5. e4 e6 6. Bc4 d6 7. O-O Be7 8.
Qe2 a6 9. Rd1 Qc7 10. Be3 Nf6 11. Na4 b5 12. Nb6 Rb8 13. Nxc8 Rxc8 14. Bd3 O-O
15. Rac1 Qb7 16. a4 Nb4 17. Rxc8 Rxc8 18. axb5 axb5 19. Bxb5 Rc2 20. Nd2 Nxe4
21. Ba4 Rxb2 22. Qg4 f5 23. Qh5 Nf6 24. Qe2 Nbd5 25. Bd4 Nf4 26. Qf3 Qxf3 27.
Nxf3 Ne2+ 28. Kf1 Nxd4 29. Rxd4 Ne4 30. Bd7 Kf7 31. Ra4 Rb1+ 32. Ne1 d5 33. Ra2
Bb4 34. f3 Rxe1# 0-1

[Event "Capitol City Mini-Swiss"]
[Site "Lansing, Mich."]
[Date "1987.02.14"]
[Round "1"]
[White "Moody, David"]
[Black "Robison, Bruce"]
[Result "1-0"]
[WhiteElo "1985"]
[BlackElo "1867"]
[PlyCount "73"]
[EventDate "1987.02.14"]

1. e4 e6 2. d4 d5 3. Nc3 Bb4 4. e5 c5 5. a3 Bxc3+ 6. bxc3 Qc7 7. Nf3 Bd7 8. a4
Ne7 9. Bb5 Nbc6 10. Ba3 b6 11. O-O O-O 12. dxc5 Nxe5 13. Nxe5 Bxb5 14. axb5
Qxe5 15. cxb6 Rfe8 16. Bb4 Qb8 17. Qd4 Nf5 18. bxa7 Qb7 19. Qd3 Rxa7 20. Bc5
Rxa1 21. Rxa1 Rc8 22. Ra7 Qb8 23. b6 Rxc5 24. Qa6 Rc8 25. b7 Rf8 26. Ra8 Qe5
27. Rxf8+ Kxf8 28. Qa3+ Ke8 29. Qa4+ Kd8 30. Qa5+ Ke7 31. h3 Qe1+ 32. Kh2 Qe5+
33. g3 Kd7 34. Qb5+ Ke7 35. b8=Q Qe1 36. Qb4+ Kf6 37. Qd8+ 1-0

[Event "Capitol City Mini-Swiss"]
[Site "Lansing, Mich."]
[Date "1987.02.14"]
[Round "3"]
[White "Moody, David"]
[Black "Noren, Kevin"]
[Result "1/2-1/2"]
[WhiteElo "1985"]
[BlackElo "2208"]
[PlyCount "28"]
[EventDate "1987.02.14"]

1. e4 e6 2. d4 d5 3. Nc3 Bb4 4. e5 c5 5. a3 Bxc3+ 6. bxc3 Ne7 7. Nf3 Bd7 8. a4
Qa5 9. Bd2 Nbc6 10. Bb5 f6 11. O-O c4 12. Qe2 O-O-O 13. Rfb1 Rdf8 14. Bc1 a6
1/2-1/2

[Event "Capitol City Mini-Swiss"]
[Site "Lansing, Mich."]
[Date "1987.02.14"]
[Round "2"]
[White "Ford, William"]
[Black "Moody, David"]
[Result "0-1"]
[WhiteElo "1824"]
[BlackElo "1985"]
[PlyCount "58"]
[EventDate "1987.02.14"]

1. d4 Nf6 2. Nf3 c5 3. e3 d5 4. Be2 Bf5 5. O-O e6 6. c4 Nc6 7. a3 Rc8 8. Nc3 a6
9. Re1 Bd6 10. cxd5 exd5 11. dxc5 Bxc5 12. b4 Ba7 13. Bb2 O-O 14. Qb3 d4 15.
exd4 Nxd4 16. Nxd4 Bxd4 17. Rad1 Qb6 18. Rf1 Be6 19. Qc2 Bxc3 20. Bxc3 Qc6 21.
Rc1 Nd5 22. Bf3 Qxc3 23. Qxc3 Nxc3 24. Rfe1 Nd5 25. Rcd1 Rfd8 26. Re5 Nf4 27.
Rxd8+ Rxd8 28. g3 Rd3 29. Bg4 Ng6 0-1

[Event "Rites of Winter Extravaganza"]
[Site "Allendale, Mich."]
[Date "1987.02.21"]
[Round "2"]
[White "Moody, David"]
[Black "Hahn, David"]
[Result "1-0"]
[WhiteElo "1985"]
[BlackElo "2169"]
[PlyCount "61"]
[EventDate "1987.02.21"]

1. e4 g6 2. d4 Bg7 3. c3 d6 4. Bd3 Nf6 5. Bg5 O-O 6. Nf3 Nc6 7. Nbd2 h6 8. Bh4
Bg4 9. h3 Bxf3 10. Qxf3 e5 11. d5 Nb8 12. g4 Nbd7 13. O-O-O a5 14. Rdg1 Qb8 15.
g5 hxg5 16. Bxg5 b5 17. h4 Nh5 18. Nf1 b4 19. Ng3 bxc3 20. bxc3 Nf4 21. Nf5 Re8
22. Nxg7 Nxd3+ 23. Qxd3 Kxg7 24. h5 Rh8 25. hxg6 Rxh1 26. Rxh1 fxg6 27. Qh3 Nf6
28. Bxf6+ Kxf6 29. Qe6+ Kg5 30. Rg1+ Kf4 31. Qg4# 1-0

[Event "Rites of Winter Extravaganza"]
[Site "Allendale, Mich."]
[Date "1987.02.21"]
[Round "3"]
[White "Moody, David"]
[Black "Cooper, Thomas"]
[Result "0-1"]
[WhiteElo "1985"]
[BlackElo "2176"]
[PlyCount "36"]
[EventDate "1987.02.21"]

1. e4 c6 2. d4 d5 3. Nc3 dxe4 4. Nxe4 Nd7 5. Bc4 Ngf6 6. Ng5 e6 7. Qe2 Nb6 8.
Bb3 h6 9. N5f3 c5 10. Bf4 Nfd5 11. Be5 c4 12. Bxc4 Nxc4 13. Qxc4 Qa5+ 14. c3
Bd7 15. Ne2 Bb5 16. Qb3 Rc8 17. Rc1 Qa6 18. Nf4 Nxf4 0-1

[Event "Rites of Winter Extravaganza"]
[Site "Allendale, Mich."]
[Date "1987.02.21"]
[Round "1"]
[White "Grindstaff, Mike"]
[Black "Moody, David"]
[Result "0-1"]
[WhiteElo "1288"]
[BlackElo "1985"]
[PlyCount "58"]
[EventDate "1987.02.21"]

1. Nf3 Nf6 2. g3 g6 3. Bg2 Bg7 4. d4 O-O 5. Bf4 d6 6. Qd2 Nbd7 7. Bh6 c5 8.
Bxg7 Kxg7 9. Nc3 cxd4 10. Qxd4 Nc5 11. Nd5 e5 12. Nxe5 Ne6 13. Qc3 dxe5 14.
Qxe5 Re8 15. O-O-O Nf8 16. Qc3 Bf5 17. Nc7 Qe7 18. Nxe8+ Rxe8 19. e3 Rc8 20.
Qxc8 Bxc8 21. Rhe1 Bf5 22. h3 Be4 23. f3 Bc6 24. c3 Ne6 25. e4 Nh5 26. g4 Nhf4
27. Bf1 Ng5 28. h4 Nxf3 29. Re2 Nxe2+ 0-1

[Event "Rites of Winter Extravaganza"]
[Site "Allendale, Mich."]
[Date "1987.02.22"]
[Round "4"]
[White "Marfia, Jim"]
[Black "Moody, David"]
[Result "1-0"]
[WhiteElo "2182"]
[BlackElo "1985"]
[PlyCount "71"]
[EventDate "1987.02.21"]

1. e4 e5 2. Nf3 Nc6 3. Bb5 a6 4. Bxc6 dxc6 5. O-O Qd6 6. d3 Ne7 7. Nbd2 Ng6 8.
Nc4 Qe6 9. b3 Bd6 10. d4 O-O 11. dxe5 Nxe5 12. Nxd6 cxd6 13. Nd4 Qg6 14. f4 Bg4
15. Qe1 Nd7 16. f5 Qf6 17. Be3 c5 18. Nf3 Bxf3 19. gxf3 d5 20. Qd2 d4 21. Bf4
Ne5 22. Rae1 Rac8 23. Kh1 Qe7 24. Re2 Rfd8 25. Rg2 c4 26. Bg5 f6 27. Bh6 c3 28.
Qf2 d3 29. cxd3 c2 30. Qg1 Rd7 31. Rff2 c1=Q 32. Bxc1 Nxd3 33. Rc2 Rxc2 34.
Rxc2 Nb4 35. Ba3 Qd8 36. Bxb4 1-0

[Event "Michigan HS Team"]
[Site "Lapeer, MI"]
[Date "1987.02.28"]
[Round "1.3"]
[White "Mason, Aaron"]
[Black "Aldrich, Jeff"]
[Result "1-0"]
[WhiteElo "1842"]
[BlackElo "1147"]
[PlyCount "57"]
[EventDate "1987.02.??"]

1. d4 d5 2. c4 c6 3. Nc3 Nf6 4. Bg5 e6 5. e3 Be7 6. Nf3 Nbd7 7. Bd3 b6 8. O-O
O-O 9. Qc2 g6 10. Rac1 Ba6 11. cxd5 Bxd3 12. Qxd3 cxd5 13. Rc2 Rc8 14. Rfc1 Qc7
15. Nxd5 Qd6 16. Nxe7+ Qxe7 17. Rxc8 Rxc8 18. Rxc8+ Kg7 19. Ne5 h6 20. Bxf6+
Nxf6 21. a3 Qb7 22. Qc2 Nd5 23. Rd8 Nf6 24. Qc6 Qe7 25. Qd6 Qxd6 26. Rxd6 Kf8
27. Nd7+ Nxd7 28. Rxd7 a5 29. Rb7 {Black Resigns} 1-0

[Event "Michigan HS Team"]
[Site "Lapeer, MI"]
[Date "1987.02.28"]
[Round "2.10"]
[White "Aldrich, Jeff"]
[Black "Aldridge, Chris"]
[Result "0-1"]
[WhiteElo "1147"]
[BlackElo "1103"]
[PlyCount "50"]
[EventDate "1987.02.??"]

1. e4 e6 2. d4 b6 3. Nf3 Qe7 4. Bg5 f6 5. Bf4 d6 6. Be3 Bb7 7. Nbd2 g5 8. Be2
Bh6 9. h3 Nd7 10. c4 f5 11. Bd3 f4 12. Nh2 fxe3 13. fxe3 O-O-O 14. Qa4 g4 15.
Nxg4 Qh4+ 16. Kd1 Ngf6 17. Nxh6 Qxh6 18. Ke2 Qh5+ 19. g4 Qg5 20. Rac1 Rhf8 21.
c5 dxc5 22. dxc5 Nxc5 23. Qxa7 Rxd3 24. Nc4 Nfxe4 25. Na3 Rf2+ 0-1

[Event "Michigan HS Team"]
[Site "Lapeer, MI"]
[Date "1987.03.01"]
[Round "5.10"]
[White "Walker, Brad"]
[Black "Aldrich, Jeff"]
[Result "1-0"]
[WhiteElo "1427"]
[BlackElo "1147"]
[PlyCount "69"]
[EventDate "1987.02.??"]

1. c4 e5 2. Nc3 Nc6 3. g3 Bc5 4. Bg2 d6 5. Nf3 Be6 6. d3 Qd7 7. O-O Nf6 8. Qb3
Rb8 9. Nd5 h6 10. Nxf6+ gxf6 11. Qc2 Bh3 12. Rd1 Ke7 13. e3 Rbg8 14. d4 exd4
15. exd4 Bb6 16. c5 Ba5 17. a3 h5 18. b4 h4 19. Qe4+ Kd8 20. Nxh4 Bxg2 21. Kxg2
d5 22. Qf5 Ne7 23. Qxf6 Qg4 24. Nf3 Rg6 25. Qxh8+ Rg8 26. Qh4 Qf5 27. Bg5 Re8
28. Re1 Qd7 29. Rxe7 Rxe7 30. Qh8+ Qe8 31. Qxe8+ Kxe8 32. Bxe7 Kxe7 33. bxa5
Kd7 34. Rb1 Kc8 35. h4 {Black Resigns} 1-0

[Event "East Detroit Grand Prix"]
[Site "East Detroit, Mich."]
[Date "1987.03.21"]
[Round "3"]
[White "Moody, David"]
[Black "Wilson, Vester"]
[Result "1/2-1/2"]
[WhiteElo "2037"]
[BlackElo "1914"]
[PlyCount "76"]
[EventDate "1987.03.21"]

1. e4 e5 2. Nf3 Nc6 3. d4 exd4 4. Bc4 Bb4+ 5. c3 dxc3 6. O-O d6 7. a3 Ba5 8. b4
Bb6 9. Qb3 Qf6 10. Nxc3 Nge7 11. Bb2 Ne5 12. Nxe5 dxe5 13. Kh1 O-O 14. f4 exf4
15. Nd5 Qg5 16. Nxe7+ Qxe7 17. Rxf4 Be6 18. Qg3 f6 19. Bxe6+ Qxe6 20. Raf1 Rad8
21. Bxf6 Rd7 22. Bxg7 Rxf4 23. Bh6+ Qg6 24. Qxf4 Rf7 25. Qxf7+ Qxf7 26. Rxf7
Kxf7 27. g4 Bd4 28. a4 c6 29. b5 cxb5 30. axb5 a5 31. bxa6 bxa6 32. Bd2 Ke6 33.
Kg2 Bb6 34. Kf3 a5 35. Bc3 a4 36. Ke2 a3 37. Kd3 Bc7 38. Kc2 Be5 1/2-1/2